000 02401nam a22002177a 4500
005 20240223113511.0
008 240214b ||||| |||| 00| 0 eng d
020 _a9781498721752
040 _cAL
041 _aeng
082 _223
_a664.02
_bVARH
100 _aTheodoros Varzakas
_9151169
245 _aHandbook of food processing: food preservation
260 _aLondon
_bCRC Press
_c2016
300 _axxi,719p.
_bHB
_c25x17cm.
365 _2General
_aVBI-2021
_b₹14850.00
_c
_d₹19800.00
_e25%
_f16/01/2024
520 _aPacked with case studies and problem calculations, Handbook of Food Processing: Food Preservation presents the information necessary to design food processing operations and goes on to describe the equipment needed to carry them out in detail. The book covers every step in the sequence of converting raw material to the final product. It also discusses the most common food engineering unit operations and food preservation processes, such as blanching, pasteurization, chilling, and freezing to aseptic packaging, non-thermal food processing, and the use of biosensors. Highlights Include Case study on the effect of blanching conditions on sulforaphane content in purple and roman cauliflower (brassica oleracea l. Var. Botrytis) Principles of thermal processing described along with thermal process calculations Case study on microwave preservation of fruit-based products: application to kiwifruit puree Principles and applications of Ohmic heating Advances in food additives and contaminants Use of edible films and coatings in fresh fruits and vegetables preservation The book provides information regarding the common food preservation methods such as blanching, thermal processing of foods, canning, extrusion-cooking, drying or dehydration of foods, chilling, and freezing. It also describes the principles and applications of new thermal and non-thermal food processing technologies, i.e., microwave heating, ohmic heating, high pressure (HP) processing, pulsed electric field (PEF) processing, magnetic fields, ultrasound, use of edible films and coatings, food packaging-aseptic packaging, and modified atmosphere, biosensor and ozone applications. The book helps you keep up with diverse consumer demands and rapidly developing markets.
650 _2 Food technology
_a Food technology
_9151170
700 _aTzia, Constantina
_9151171
942 _2ddc
_cBK
999 _c229812
_d229812